10 Biggest cities in Sweden - Statistics

General Stats
  • This quiz has been taken 150 times
  • The average score is 6 of 10
Answer Stats
Population Cities % Correct
1 515 017 Stockholm
100%
301 706 Malmö
97%
572 799 Göteborg
96%
149 245 Uppsala
85%
106 502 Linköping
67%
117 746 Västerås
56%
115 765 Örebro
55%
104,250 Helsingborg
53%
127 323 Södermalm
9%
139 606 Sollentuna
6%
No matching quizzes found
Score Distribution
Percent of People with Each Score
Percentile by Number Answered
Your Score History
You have not taken this quiz